| 000 | 00493 a2200169 4500 | ||
|---|---|---|---|
| 003 | OSt | ||
| 005 | 20231027161828.0 | ||
| 008 | 231027b |||||||| |||| 00| 0 eng d | ||
| 020 | _a9789357320610 | ||
| 040 | _coclc | ||
| 082 |
_a001.535 _bJOY/C |
||
| 100 |
_aJoyce, Trisha _99779 |
||
| 245 |
_aCHATGPTYUM NIRMMITHABUDDHIYUM / _cTrisha Joyce |
||
| 260 |
_aKottayam: _bD C Books, _c2023. |
||
| 300 |
_a128 p, _c21 cm |
||
| 942 |
_2ddc _cBK _h001.535 _iJOY/C _k001.535 _mJOY/C |
||
| 999 |
_c42931 _d42931 |
||